000 00491nam a2200169 a 4500
005 20140412111309.0
008 010326s19uu xx 00 eng d
020 _a0-916119-38-6
050 _aTR(PS E
_bSe31 1994
245 _aSeed song (The) /
_cLyrics by Judy Saksie ; illustrated by Adjoa Burrowes.
260 _aCypress, CA :
_bCreative Teaching Press, Inc,
_c1994.
300 _a16 p. ; ill.
440 _aScience Series
650 _aScience
650 _aPlants
999 _c103880
_d103880